000 01232nam a2200277 a 4500
001 BRCA_1168
005 20190320203319.0
008 950608s1996 nyua---##b---#001-0#eng-#
020 _a0810940302
020 _a0872731340
050 4 _aN6553
_b.C66 1996
245 1 0 _aConverging Cultures
_bArt and Identity in Spanish America
_cedited by Diana Fane with essays by Diana Fane ... [et al.].
260 _aNueva York
_bHarry N. Abrams : The Brooklyn Museum
_c1996
300 _a320 p.
_bil. (algunas a color)
_c29 cm.
500 _aCatálogo de la exposición realizada en The Brooklyn Museum (Nueva York), 1 marzo - 14 julio, 1996, en Phoenix Art Museum, 14 diciembre, 1996 - 23 febrero, 1997 y en Los Angeles Country Museum of Art, 30 marzo - 8 junio, 1997
500 _aIncluye índice alfabético y glosario
504 _aBibliografía : 303-310
650 1 4 _aArte mexicano
_vExposiciones
_93863
650 1 4 _aArte colonial
_vExposiciones
_zMéxico
_93637
650 1 4 _aArte indígena
_vExposiciones
_zMéxico
_92095
650 1 4 _aArte peruano
_vExposiciones
_93864
650 1 4 _aArte colonial
_vExposiciones
_zPerú
_93865
650 1 4 _aArte indígena
_vExposiciones
_zPerú
_93866
700 1 _aFane, Diana
_9532
942 _2lcc
_cB
999 _c1045
_d1045